| 000 | 00832nam a2200277 i 4500 | ||
|---|---|---|---|
| 001 | C2-0323589 | ||
| 003 | PPAK | ||
| 005 | 20220227153045.0 | ||
| 008 | 131104s2012 my ao e o 1 may d | ||
| 020 |
_a9789834610265 _qpaperback |
||
| 040 |
_aPPAK _beng _cPPAK _erda |
||
| 082 | 0 | 4 |
_a639.3 _223 |
| 090 | 0 | 0 |
_a639.3 _bSAL _dG |
| 090 | 2 | 0 |
_a639.3 _bSAL _dKAO |
| 100 | 0 |
_aSallehudin Ismail, _eauthor. |
|
| 245 | 1 | 0 |
_aPENGANGKUTAN IKAN HIDUP / _cSallehudin Ismail |
| 264 | 1 |
_aKuala Lumpur : _bDewan Bahasa dan Pustaka, _c2012 |
|
| 300 |
_aix, 72 pages : _bcolour photographs ; _c23 cm |
||
| 336 |
_2rdacontent _atext |
||
| 337 |
_2rdamedia _aunmediated |
||
| 338 |
_2rdacarrier _avolume |
||
| 500 | _aIncludes index | ||
| 504 | _aIncludes bibliographical : 69-70 pages | ||
| 650 | 1 | 0 |
_aFishes _vTransportation. |
| 942 |
_cB _2ddc |
||
| 999 |
_c123645 _d123645 |
||